[Event "Prague op 16th"]
[Site "Prague"]
[Date "2017.01.17"]
[Round "6"]
[White "Kohtz, Andreas"]
[Black "Zemlickova, Olena"]
[Result "1/2-1/2"]
[WhiteElo "1925"]
[BlackElo "2071"]
[PlyCount "26"]
[EventDate "2017.01.13"]
[EventType "swiss"]
[EventRounds "9"]
[EventCountry "CZE"]
[SourceTitle "CBM 176 Extra"]
[Source "ChessBase"]
[SourceDate "2017.03.02"]
[SourceVersion "1"]
[SourceVersionDate "2017.03.02"]
[SourceQuality "1"]

1. d4 d5 2. Bf4 Nf6 3. e3 e6 4. Bd3 c5 5. c3 Nc6 6. Nd2 Bd6 7. Bxd6 Qxd6 8. Ngf3 0-0 9. 0-0 e5 10. dxe5 Nxe5 11. Nxe5 Qxe5 12. Nf3 Qe7 13. c4 dxc4 1/2-1/2

[Event "Prague op 16th"]
[Site "Prague"]
[Date "2017.01.14"]
[Round "2"]
[White "Michalczak, Thomas"]
[Black "Zemlickova, Olena"]
[Result "1-0"]
[WhiteElo "2246"]
[BlackElo "2071"]
[PlyCount "83"]
[EventDate "2017.01.13"]
[EventType "swiss"]
[EventRounds "9"]
[EventCountry "CZE"]
[SourceTitle "CBM 176 Extra"]
[Source "ChessBase"]
[SourceDate "2017.03.02"]
[SourceVersion "1"]
[SourceVersionDate "2017.03.02"]
[SourceQuality "1"]

1. e4 e5 2. Nf3 Nc6 3. Bb5 g6 4. d4 exd4 5. Bg5 Be7 6. Bxe7 Qxe7 7. Bxc6 dxc6 8. Qxd4 Nf6 9. Nc3 Bg4 10. 0-0-0 Bxf3 11. gxf3 0-0 12. f4 Nh5 13. f5 Rfd8 14. Qe3 Rxd1+ 15. Rxd1 Qe5 16. fxg6 hxg6 17. h4 Qf4 18. Qxf4 Nxf4 19. Rd7 Ne6 20. e5 Rd8 21. Rxd8+ Nxd8 22. Kd2 Ne6 23. Ke3 Kf8 24. Ne4 Ke7 25. Ng3 Ng7 26. Ke4 Kd7 27. Ne2 c5 28. c4 c6 29. b3 Ke7 30. Ng3 Kd7 31. f4 Ke6 32. h5 gxh5 33. f5+ Kd7 34. f6 Ne6 35. Nxh5 Ng5+ 36. Kf5 Nf3 37. e6+ fxe6+ 38. Kg6 Ne5+ 39. Kg7 Ke8 40. Nf4 Nd7 41. Nxe6 b6 42. f7+ 1-0

[Event "POL-chT 1st League"]
[Site "Poronin"]
[Date "2016.09.10"]
[Round "8.1"]
[White "Dmochowska, Agnieszka"]
[Black "Zemlickova, Olena"]
[Result "1-0"]
[WhiteElo "1995"]
[BlackElo "2115"]
[PlyCount "79"]
[EventDate "2016.09.03"]
[EventType "team-tourn"]
[EventRounds "9"]
[EventCountry "POL"]
[SourceTitle "CBM 174 Extra"]
[Source "ChessBase"]
[SourceDate "2016.10.10"]
[SourceVersion "1"]
[SourceVersionDate "2016.10.10"]
[SourceQuality "1"]
[WhiteTeam "Gliwice Akademia Szachowa"]
[BlackTeam "Raciborz Silesia"]
[WhiteTeamCountry "POL"]
[BlackTeamCountry "POL"]

1. e4 e5 2. Nf3 Nc6 3. Bb5 Nd4 4. Nxd4 exd4 5. 0-0 c6 6. Bc4 Nf6 7. Re1 d6 8. c3 Qb6 9. e5 dxe5 10. Rxe5+ Kd8 11. d3 dxc3 12. Nxc3 Ng4 13. d4 Nxe5 14. dxe5+ Ke8 15. Qh5 g6 16. Qf3 Bf5 17. g4 Qd4 18. gxf5 Qxc4 19. Ne4 gxf5 20. Nf6+ Kd8 21. Qd1+ Kc7 22. Qd7+ Kb6 23. Be3+ Ka6 24. Rc1 Qe6 25. Qd3+ b5 26. a4 Kb7 27. axb5 c5 28. b4 Be7 29. bxc5 Bxf6 30. c6+ Kc7 31. exf6 Rhg8+ 32. Kf1 Rgd8 33. Bf4+ Kc8 34. Qa3 Rd4 35. Qa6+ Kd8 36. c7+ Ke8 37. Qxe6+ fxe6 38. c8Q+ Rxc8 39. Rxc8+ Kd7 40. f7 1-0

[Event "POL-chT 1st League"]
[Site "Poronin"]
[Date "2016.09.04"]
[Round "2.1"]
[White "Weglarz, Joanna"]
[Black "Zemlickova, Olena"]
[Result "1/2-1/2"]
[WhiteElo "1986"]
[BlackElo "2115"]
[PlyCount "66"]
[EventDate "2016.09.03"]
[EventType "team-tourn"]
[EventRounds "9"]
[EventCountry "POL"]
[SourceTitle "CBM 174 Extra"]
[Source "ChessBase"]
[SourceDate "2016.10.10"]
[SourceVersion "1"]
[SourceVersionDate "2016.10.10"]
[SourceQuality "1"]
[WhiteTeam "Znin Baszta"]
[BlackTeam "Raciborz Silesia"]
[WhiteTeamCountry "POL"]
[BlackTeamCountry "POL"]

1. e4 e5 2. Nf3 Nc6 3. Bb5 Nd4 4. Ba4 Nxf3+ 5. Qxf3 c6 6. 0-0 d6 7. c3 Nf6 8. h3 Be7 9. d4 0-0 10. Nd2 Qc7 11. Bb3 b5 12. Re1 c5 13. d5 Ne8 14. Bc2 Bg5 15. Nf1 Bxc1 16. Raxc1 Qe7 17. Ng3 Qg5 18. Qe3 Qxe3 19. Rxe3 g6 20. Rf1 Nf6 21. a4 a6 22. Ra1 Bb7 23. b3 Nd7 24. Bd3 b4 25. c4 a5 26. Rf1 Kg7 27. Bc2 Rae8 28. Rf3 Bc8 29. Ne2 Nf6 30. Ng3 Nd7 31. Ne2 Nf6 32. g4 h5 33. g5 Nh7 1/2-1/2

[Event "POL-chT 1st League"]
[Site "Poronin"]
[Date "2016.09.03"]
[Round "1.1"]
[White "Zemlickova, Olena"]
[Black "Chmiel, Dominika"]
[Result "1/2-1/2"]
[WhiteElo "2115"]
[BlackElo "2102"]
[PlyCount "108"]
[EventDate "2016.09.03"]
[EventType "team-tourn"]
[EventRounds "9"]
[EventCountry "POL"]
[SourceTitle "CBM 174 Extra"]
[Source "ChessBase"]
[SourceDate "2016.10.10"]
[SourceVersion "1"]
[SourceVersionDate "2016.10.10"]
[SourceQuality "1"]
[WhiteTeam "Raciborz Silesia"]
[BlackTeam "Chroscice Victoria"]
[WhiteTeamCountry "POL"]
[BlackTeamCountry "POL"]

1. d4 Nf6 2. Nf3 g6 3. Nc3 Bg7 4. e4 d6 5. Be3 0-0 6. Qd2 Ng4 7. Bg5 f6 8. Bh4 c5 9. Bc4+ Kh8 10. h3 cxd4 11. Nxd4 Ne5 12. Bb3 Nbc6 13. Ne6 Bxe6 14. Bxe6 Qb6 15. f4 Nf7 16. Bf2 Qxb2 17. Rb1 Qa3 18. Rxb7 Rab8 19. Rxb8 Nxb8 20. 0-0 a6 21. Rb1 Nc6 22. Bb6 d5 23. exd5 Ncd8 24. Rb3 Qd6 25. Ne4 Qb8 26. Nc5 Qd6 27. Ne4 Qb8 28. Be3 Qc7 29. Nc5 Nd6 30. Nxa6 Qc4 31. Qd3 Nxe6 32. Qxc4 Nxc4 33. dxe6 Nxe3 34. Rxe3 f5 35. Rb3 Bd4+ 36. Kf1 Kg7 37. Rb4 Rd8 38. Nb8 Rd6 39. a4 Ba7 40. Rb7 Bxb8 41. Rxb8 Ra6 42. Rb4 Kf6 43. Ke2 Kxe6 44. Kd3 Kd5 45. c4+ Kc6 46. Kc3 Ra7 47. Kd4 Rd7+ 48. Kc3 Rd1 49. a5 Ra1 50. Rb5 Rc1+ 51. Kd4 Rd1+ 52. Kc3 Rc1+ 53. Kd3 Rd1+ 54. Kc2 Rd4 1/2-1/2